01131nab a22002057a 4500003000400000005001700004008004100021040000700062100002400069245010600093260007300199300001300272500004500285505027300330505008900603650002800692650002700720650003400747773014400781OSt20251211130315.0190604e xxu||||| |||| 00| 0 spa d cPJ aLavítola, Sofía10aEmpoderando al consumidor : bpropuesta para lograr mayor coherencia normativa /cSofía Lavítola. aCiudad Autónoma de Buenos Aires :bThomson Reuters La Ley, c2025. ap. 27-35 aCita Online: TR LALEY AR/DOC/1795/2025.  aSumario: I. Introducción.— II. Contexto legal.— III. Análisis del planteo.— IV. Por qué el esquema legal del deber de seguridad representa una amenaza o cuanto menos una previsión a completar.— V. Propuesta de reforma legislativa. — VI. Conclusión. t¿Te interesa el texto completo? Solicitalo al correo: koha@justierradelfuego.gov.ar 0aDERECHOS DEL CONSUMIDOR 0aDEBER DE INFORMACIÓN 0aLEY DE DEFENSA DEL CONSUMIDOR0 02714dCiudad Autónoma de Buenos Aires : Thomson Reuters La Ley, 2014-tRevista anales de legislación argentina. Nº 11- Noviembre 2025.